000 00531nam a2200193 i 4500
001 84102
003 ES-MaACL
005 20230906174938.0
007 t|
008 041119s1977 sp ||||1| spa d
100 1 _aIzquierdo, Luis.
_965710
245 1 0 _aConocer a Kafka y su obra /
_cLuis Izquierdo.
260 _a[Barcelona] :
_bDopesa,
_c[1977]
300 _a126 p. :
_bil. ;
_c19 cm.
490 1 _aColección Conocer
830 0 _aColección Conocer
_9183371
852 _aES-MaACL
_jA-7850
_bR.96939
999 _c84102
_d84102